000 01401nam a22002897a 4500
001 1277
005 20230810142502.0
008 230810b cb ||||| |||| 00| 0 khr d
020 _a9789924341123
040 _aFISKH
_beng
_cFISKH
_dFISKH
082 _a796.34
100 _aRotha, Ouk
245 _aគិរីលេងវាយសី /
250 _aគ្រិះស្ថានបោះពុម្ពផ្សាយ Sipar ឧសភា​ ២០២១
260 _aPhnom Penh :
_bSipar,
_c2021.
300 _a24 pages :
_bcolor illustrations ;
_c22 cm
490 _aខ្ញុំចេះអាន
505 _aK
520 _aគិរីទទួលបានសីនិងដងវាយសីពីឪពុករបស់ខ្លួនជាកាដូរសម្រាប់ឆ្នាំថ្មី។ គេសប្បាយចិត្តណាស់ ហើយបានបបួលមិត្តរបស់គេ២នាក់ទៀត ទៅលេងជាមួយគ្នា។
520 _aThis new year, Kiri received a baton from his father as a gift for the new year. He was very happy and invited his two friends to play together.
521 _a510
_bLexile estimate
521 _aK
_bRaz-Plus
650 _aសី
_vលេង
650 _aBadminton
_vPlay
700 _aRotha, Ouk
_cillustrator
942 _2ddc
_cBK
_n0
999 _c1277
_d1277